| 000 -LEADER |
| fixed length control field |
00643nam a22001817a 4500 |
| 001 - CONTROL NUMBER |
| control field |
11730 |
| 003 - CONTROL NUMBER IDENTIFIER |
| control field |
BD-DhUAP |
| 005 - DATE AND TIME OF LATEST TRANSACTION |
| control field |
20201230153011.0 |
| 008 - FIXED-LENGTH DATA ELEMENTS--GENERAL INFORMATION |
| fixed length control field |
201230s2008 ii ||||| |||| 00| 0 eng d |
| 040 ## - CATALOGING SOURCE |
| Original cataloging agency |
BD-DhUAP |
| Language of cataloging |
Eng |
| Transcribing agency |
BD-DhUAP |
| Modifying agency |
BD-DhUAP |
| 082 ## - DEWEY DECIMAL CLASSIFICATION NUMBER |
| Edition number |
23 |
| Classification number |
345.05 TRI |
| 100 ## - MAIN ENTRY--PERSONAL NAME |
| Personal name |
Tripathi, H. P. |
| 245 ## - TITLE STATEMENT |
| Title |
Questions and answers on criminal procedure code, 1973 : |
| Remainder of title |
alongwith juvenile justice (care & protection of children) act, 2000 and probation of offenders act, 1958 / |
| Statement of responsibility, etc. |
H. P. Tripathi. |
| 260 ## - PUBLICATION, DISTRIBUTION, ETC. |
| Place of publication, distribution, etc. |
Allahabad : |
| Name of publisher, distributor, etc. |
Central Law Agency, |
| Date of publication, distribution, etc. |
c2008. |
| 300 ## - PHYSICAL DESCRIPTION |
| Extent |
various pages ; |
| Dimensions |
18 cm. |
| 650 ## - SUBJECT ADDED ENTRY--TOPICAL TERM |
| Topical term or geographic name entry element |
Criminal procedure. |
| 942 ## - ADDED ENTRY ELEMENTS (KOHA) |
| Source of classification or shelving scheme |
|
| Koha item type |
Book |